| 000 | 00933nam a2200301 i 4500 | ||
|---|---|---|---|
| 003 | EG-GICUC | ||
| 005 | 20260121101442.0 | ||
| 008 | 251208s1947 uk ||||fr|||| 001 0 eng d | ||
| 040 |
_aEG-GiCUC _beng _cEG-GiCUC _dEG-GiCUC _erda |
||
| 041 | _aeng | ||
| 082 | 0 | 4 |
_221 _a341.1 _bRO . T |
| 092 | 0 | 4 | _221 |
| 099 | _aLaw1 11 341.1 RO . T 1947 | ||
| 100 | 1 |
_aRoss, Alf _eAuthor. |
|
| 245 | 1 | 2 |
_a A textbook of international law / _cBy Alf Ross. |
| 264 | 1 |
_aLondon ; _bLongmans, Green And CO, _c1947. |
|
| 300 |
_a313 pages ; _c24 cm. |
||
| 336 |
_2rda content _atext |
||
| 337 |
_2rda media _aComputer |
||
| 338 |
_2rda carrier _aOnline Resource |
||
| 504 | _aInclude Bibliographic references And Bibliography | ||
| 546 | _aText in English | ||
| 650 | 1 |
_aPublic international law _2qrmak |
|
| 651 | 1 | _2qrmak | |
| 856 | 4 | 0 | _uhttps://fll.law.cu.edu.eg/fulltext/bks/B11-05607.pdf |
| 905 |
_a75 _eHassnaa |
||
| 942 |
_2ddc _n0 _cBK _e21 |
||
| 999 |
_c49171 _d49171 |
||